| 000 | 00395nam a2200157Ia 4500 | ||
|---|---|---|---|
| 008 | 241014s9999||||xx |||||||||||||| ||und|| | ||
| 020 | _a0-7817-3607-2 | ||
| 060 | _aWW 18 R 2002 | ||
| 100 | _aFrederick Hampton | ||
| 245 | 0 | _aOcular Differential Diagnosis. | |
| 250 | _a7th | ||
| 260 |
_bLippincott Williams and Wilkins _c2002 |
||
| 300 | _a684 | ||
| 650 | _aOphthalmology | ||
| 942 |
_bDIMC _cBK |
||
| 999 |
_c9650 _d9650 |
||